<?xml version="1.0" encoding="UTF-8"?>
<record
    xmlns:xsi="http://www.w3.org/2001/XMLSchema-instance"
    xsi:schemaLocation="http://www.loc.gov/MARC21/slim http://www.loc.gov/standards/marcxml/schema/MARC21slim.xsd"
    xmlns="http://www.loc.gov/MARC21/slim">

  <leader>00417nam a22001337a 4500</leader>
  <datafield tag="040" ind1=" " ind2=" ">
    <subfield code="c">NUST</subfield>
  </datafield>
  <datafield tag="082" ind1=" " ind2=" ">
    <subfield code="a">891.4393,IBN</subfield>
  </datafield>
  <datafield tag="100" ind1=" " ind2=" ">
    <subfield code="a">Ibn e Insha </subfield>
    <subfield code="9">110333</subfield>
  </datafield>
  <datafield tag="245" ind1=" " ind2=" ">
    <subfield code="a">Ibn e Battuta K Taqub Mein / &#x627;&#x628;&#x646; &#x628;&#x637;&#x648;&#x637;&#x6C1; &#x6A9;&#x6D2; &#x62A;&#x639;&#x627;&#x642;&#x628; &#x645;&#x6CC;&#x6BA; (Urdu) /</subfield>
    <subfield code="c">Ibn e Insha </subfield>
  </datafield>
  <datafield tag="260" ind1=" " ind2=" ">
    <subfield code="a">Lahore</subfield>
    <subfield code="b">Lahore Acadmy</subfield>
    <subfield code="c">1974,2011</subfield>
  </datafield>
  <datafield tag="300" ind1=" " ind2=" ">
    <subfield code="a">288 p.;</subfield>
  </datafield>
  <datafield tag="650" ind1=" " ind2=" ">
    <subfield code="a">Urdu Literature</subfield>
    <subfield code="x">Safar namah</subfield>
    <subfield code="9">110334</subfield>
  </datafield>
  <datafield tag="942" ind1=" " ind2=" ">
    <subfield code="2">ddc</subfield>
    <subfield code="c">BK</subfield>
    <subfield code="k">891.4393,IBN</subfield>
  </datafield>
  <datafield tag="999" ind1=" " ind2=" ">
    <subfield code="c">593754</subfield>
    <subfield code="d">593754</subfield>
  </datafield>
  <datafield tag="952" ind1=" " ind2=" ">
    <subfield code="0">0</subfield>
    <subfield code="1">0</subfield>
    <subfield code="2">ddc</subfield>
    <subfield code="4">0</subfield>
    <subfield code="7">0</subfield>
    <subfield code="a">MCS</subfield>
    <subfield code="b">MCS</subfield>
    <subfield code="c">GEN</subfield>
    <subfield code="d">2023-03-15</subfield>
    <subfield code="l">0</subfield>
    <subfield code="o">891.4393,IBN</subfield>
    <subfield code="p">MCS37950</subfield>
    <subfield code="r">2023-03-15</subfield>
    <subfield code="w">2023-03-15</subfield>
    <subfield code="y">BK</subfield>
    <subfield code="z">Almirah No.66, Shelf No.3</subfield>
  </datafield>
</record>
